LEADER 03142oas 2201177 a 450 001 9910134134403321 005 20251105213014.0 011 $a1539-2988 035 $a(DE-599)ZDB2066246-4 035 $a(OCoLC)49349450 035 $a(CONSER) 2002211427 035 $a(CKB)954921341146 035 $a(EXLCZ)99954921341146 100 $a20020320a19529999 sy a 101 0 $aeng 135 $aurcnu|||||||| 181 $ctxt$2rdacontent 182 $cc$2rdamedia 183 $acr$2rdacarrier 200 10$aEconomic development and cultural change 210 $aChicago, Ill. $cUniversity of Chicago$d1952- 215 $a1 online resource 300 $aRefereed/Peer-reviewed 300 $aTitle from title screen (JSTOR, viewed May 12, 2004). 311 08$a0013-0079 517 1 $aEDCC 606 $aEconomic policy$vPeriodicals 606 $aSocial change$vPeriodicals 606 $aDe?veloppement e?conomique$vPe?riodiques 606 $aPolitique e?conomique$vPe?riodiques 606 $aDe?veloppement social$vPe?riodiques 606 $aChangement social$vPe?riodiques 606 $aEconomic policy$2fast$3(OCoLC)fst00902025 606 $aSocial change$2fast$3(OCoLC)fst01122310 606 $aSozioökonomischer Wandel$2gnd 606 $aWirtschaftsentwicklung$2gnd 606 $aKulturwandel$2gnd 606 $aEconomische ontwikkeling$2gtt 606 $aECONOMIC DEVELOPMENT$2unbist 606 $aCULTURAL DEVELOPMENT$2unbist 608 $aCzasopismo ekonomiczne.$2dbn 608 $aPeriodicals.$2fast 608 $aPeriodicals.$2lcgft 608 $aZeitschrift$2swd 608 $aElektronische Publikation$2swd 608 $aOnline-Publikation$2swd 615 0$aEconomic policy 615 0$aSocial change 615 6$aDe?veloppement e?conomique 615 6$aPolitique e?conomique 615 6$aDe?veloppement social 615 6$aChangement social 615 7$aEconomic policy. 615 7$aSocial change. 615 7$aSozioökonomischer Wandel. 615 7$aWirtschaftsentwicklung 615 7$aKulturwandel 615 17$aEconomische ontwikkeling. 615 17$aECONOMIC DEVELOPMENT. 615 17$aCULTURAL DEVELOPMENT. 676 $a309 801 0$bTXH 801 1$bTXH 801 2$bNSD 801 2$bOCLCQ 801 2$bMUQ 801 2$bOCLCQ 801 2$bEYM 801 2$bOCLCQ 801 2$bWEA 801 2$bOCLCQ 801 2$bOCLCF 801 2$bOCLCO 801 2$bOCLCQ 801 2$bDEBBG 801 2$bDEFHM 801 2$bOCLCO 801 2$bWT2 801 2$bGILDS 801 2$bOCLCO 801 2$bOCLCQ 801 2$bOCLCO 801 2$bWYU 801 2$bVT2 801 2$bOCLCA 801 2$bOCLCQ 801 2$bOCLCO 801 2$bSFB 801 2$bCGU 801 2$bUBY 801 2$bQGK 801 2$bIOY 801 2$bOCLCQ 801 2$bREDDC 801 2$bOCLCA 801 2$bOCLCL 801 2$bOCLCQ 906 $aJOURNAL 912 $a9910134134403321 996 $aEconomic development and cultural change$9797992 997 $aUNINA LEADER 02837oas 2201069 a 450 001 9910145612703321 005 20260203110242.0 011 $a1863-9941 035 $a(OCoLC)122259285 035 $a(CONSER) 2009247770 035 $a(CKB)1000000000278490 035 $a(DE-599)2276432-X 035 $a(EXLCZ)991000000000278490 100 $a20070403a20079999 sy 101 0 $aeng 135 $aurcnu|||||||| 181 $ctxt$2rdacontent 182 $cc$2rdamedia 183 $acr$2rdacarrier 200 10$aEuropean journal of trauma and emergency surgery 210 $a[Munich] $cUrban und Vogel$d2007- 300 $aRefereed/Peer-reviewed 300 $aOfficial publication of the European Trauma Society. 311 08$a1863-9933 606 $aTraumatology$vPeriodicals 606 $aSurgical emergencies$vPeriodicals 606 $aWounds and Injuries$xsurgery 606 $aCritical Care 606 $aEmergencies 606 $aTraumatologie$vPe?riodiques 606 $aUrgences chirurgicales$vPe?riodiques 606 $aSoins intensifs 606 $aUrgences me?dicales 606 $aSurgical emergencies$2fast$3(OCoLC)fst01139442 606 $aTraumatology$2fast$3(OCoLC)fst01155549 606 $aCirurgia ortopèdica$2thub 606 $aFerides i lesions$2thub 606 $aTraumatologia$2thub 606 $aMedicina d'urgència$2thub 608 $aPeriodical. 608 $aPeriodicals.$2fast 608 $aPeriodicals.$2lcgft 608 $aRevistes electròniques.$2thub 615 0$aTraumatology 615 0$aSurgical emergencies 615 12$aWounds and Injuries$xsurgery. 615 22$aCritical Care. 615 22$aEmergencies. 615 6$aTraumatologie 615 6$aUrgences chirurgicales 615 6$aSoins intensifs. 615 6$aUrgences me?dicales. 615 7$aSurgical emergencies. 615 7$aTraumatology. 615 7$aCirurgia ortopèdica. 615 7$aFerides i lesions. 615 7$aTraumatologia. 615 7$aMedicina d'urgència. 712 02$aEuropean Trauma Society, 801 0$bHNK 801 1$bHNK 801 2$bHNK 801 2$bPFM 801 2$bDLC 801 2$bOCLCQ 801 2$bUKMGB 801 2$bOCLCQ 801 2$bOCLCF 801 2$bOCLCQ 801 2$bEZC 801 2$bU3W 801 2$bOCLCO 801 2$bAU@ 801 2$bWYU 801 2$bOCLCO 801 2$bOCLCA 801 2$bVT2 801 2$bOCLCO 801 2$bOCLCA 801 2$bUBY 801 2$bSFB 801 2$bOCLCA 801 2$bOCLCQ 801 2$bUAB 801 2$bSXB 801 2$bCSU 801 2$bOCLCL 801 2$bOCLCQ 906 $aJOURNAL 912 $a9910145612703321 996 $aEuropean journal of trauma and emergency surgery$91948218 997 $aUNINA